| 000 | 00895nam a22002777a 4500 | ||
|---|---|---|---|
| 003 | OSt | ||
| 005 | 20150408114216.0 | ||
| 008 | 140511s2014 nyua g b 001 0 eng d | ||
| 020 | _a9781259010576 | ||
| 020 | _a1259010570 | ||
| 040 | _aMa-Un | ||
| 082 | 0 | 4 |
_222 _a337 _bADI |
| 100 | 1 |
_aAppleyard, Dennis R _944649 |
|
| 245 | 1 | 0 |
_aInternational economics / _cDennis R. Appleyard, Alfred J. Field, Jr. |
| 250 | _a8th ed. | ||
| 260 |
_aNew York : _bMcGraw-Hill Irwin, _c2014. |
||
| 300 |
_axxiv, 824 p. : _bill. ; _c27 cm. |
||
| 490 | 1 | _aThe McGraw-Hill series economics | |
| 504 | _aIncludes bibliographical references and index. | ||
| 650 |
_aInternational economic relations _95913 |
||
| 650 | _aInternational trade | ||
| 650 |
_aInternational finance _915219 |
||
| 700 | 1 |
_aField, Alfred J _eCo-author. _944650 |
|
| 830 | 0 |
_aMcGraw-Hill series in economics _944651 |
|
| 942 |
_2ddc _cBOOK |
||
| 999 |
_c34881 _d269381 |
||